| 000 | 01267 a2200217 4500 | ||
|---|---|---|---|
| 003 | Nust | ||
| 005 | 20221205115006.0 | ||
| 010 | _a 2001018504 | ||
| 020 | _a0130402656 | ||
| 040 | _cNust | ||
| 082 | 0 | 0 | _a621.3815324,TRE |
| 100 | 1 |
_aTreichler, John R. _9104108 |
|
| 245 | 1 | 0 |
_aTheory and design of adaptive filters / _cJohn R. Treichler, C. Richard Johnson, Jr., Michael G. Larimore. |
| 260 |
_aUpper Saddle River, NJ : _bPrentice Hall, _cc2001. |
||
| 300 |
_axiv, 350 p. : _bill. ; _c24 cm. |
||
| 505 | _aThe Need for Adaptive Filtering (Page-1), Basic Principles of Adaptive Filtering (Page-21), Analysis Framework for Developing (Page-39), Algorithms for Adaptive Fir Filter (Page-91), Algorithms for Adaptive IIR Filter (Page-145), Adaptive Algorithms for Restoring Signal Properties (Page-181), Implementation issues (Page-207), Design Example: Hum Removal for an Electrocardiogram Monitor (Page-267), Design Example: Multipath Correction for Troposcatter Signals (Page-279), Design Example: Modeling the Propagation Path (Page-293), Design Example: Enhancing Signal Reception Quality Using (Page-309). | ||
| 650 | 0 | _aTelecommunication Engineering | |
| 700 | 1 |
_aJohnson, C. Richard. _9104109 |
|
| 700 | 1 |
_aLarimore, Michael G. _9104110 |
|
| 942 |
_2ddc _cBK |
||
| 999 |
_c182400 _d182400 |
||